000 00311nam a2200109 4500
999 _c9482
_d9482
008 180705b ||||| |||| 00| 0 eng d
245 _aDare to hire persons with disability.
260 _aPhilippines
_bThe Philippine Star
_cc2017
300 _apage D3.
650 0 _928190
_aPersonnel management.
942 _2ddc
_cPER